000 00803cab a2200265 4500
001 WB3333-08
008 090401t1997 xxu||||| |||| 00| 0 eng d
035 _a(Sirsi) u80327
041 _aeng
245 _aCouncil not at fault
260 _c1997
350 _a0
490 _aHerald
_v18 August 1997, 4(1)
520 _aA Scottish homeowner has lost his battle against the council which sold him a house containing asbestos.
650 _aMANAGEMENT-HEALTH AND SAFETY-HAZARDOUS SUBSTANCES-ASBESTOS
650 _aCOUNCIL HOUSES
650 _aDAVID GANSON
650 _aHEALTH AND SAFETY
_96244
650 _aLOCAL GOVERNMENT OMBUDSMAN
650 _aSCOTLAND
650 _aSOUTH AYRSHIRE COUNCIL
690 _aBUILT ENVIRONMENT-BUILDING STANDARDS
942 _n0
948 _c19/08/1997
999 _c50588
_d50588